| 000 | 01175nam a2200277Ia 4500 | ||
|---|---|---|---|
| 999 |
_c52681 _d52681 |
||
| 001 | 19705 | ||
| 003 | GE_BSU | ||
| 005 | 20200331215308.0 | ||
| 008 | 181216s1975||||ge |||||||||||||| ||geo|| | ||
| 040 | _cGE_BSU | ||
| 041 | _ageo | ||
| 080 | _a81'37 ს-90 | ||
| 100 |
_aსტურუა, ნათელა _97839 |
||
| 245 |
_aსიტყვა როგორც ენობრივი ერთეული / _cნათელა სტურუა ; რედ. თ. შარაძენიძე. |
||
| 260 | _aთბილისი | ||
| 260 | _bმეცნიერება | ||
| 260 | _c1975 | ||
| 300 | _a168გვ. ; 18სმ. | ||
| 520 | _aრეზიუმე რუსულ და ინგლისურ ენებზე | ||
| 541 | _h1ლ.40თ. | ||
| 653 | _aლექსიკა | ||
| 653 | _aსიტყვა როგორც ენობრივი ერთეული | ||
| 700 |
_aშარაძენიძე, თ. _eრედაქტორი _91099 |
||
| 710 |
_aსაქ. სსრ მეცნ. აკად. ენათმეცნიერების ინსტიტუტი _97835 |
||
| 942 |
_cBK _2udc |
||